| 000 | 00843nam a2200265 a 4500 | ||
|---|---|---|---|
| 999 |
_c231 _d231 |
||
| 001 | 3028337 | ||
| 003 | OSt | ||
| 005 | 20180809172423.0 | ||
| 008 | 941216s1994 ilu b 000 0 eng | ||
| 010 | _a 94239107 | ||
| 020 | _a080244640X | ||
| 040 |
_aDLC _cDLC |
||
| 050 | 0 | 0 |
_aHD57.7 _b.M3933 1994 |
| 082 | 0 | 0 |
_a658.40 _220 _bM444V |
| 100 | 1 | _aMattson, Ralph. | |
| 245 | 1 | 0 |
_aVisions of grandeur : _bleadership that creates positive change / _cRalph T. Mattson. |
| 260 |
_aChicago : _bMoody Press, _cc1994. |
||
| 300 |
_a172 p. ; _c23 cm. |
||
| 504 | _aIncludes bibliographical references. | ||
| 650 | 0 | _aLeadership. | |
| 650 | 0 |
_aOrganizational change _xManagement. |
|
| 906 |
_a7 _bcbc _corignew _d2 _encip _f19 _gy-gencatlg |
||
| 942 |
_2ddc _cBK |
||